000 00276nam a22001337a 4500
008 210226b ||||| |||| 00| 0 eng d
020 _a9780697285638
041 _aeng
080 _23th
_a573
100 _a11
101 _aBIO
245 _aLIfe
_cLewis,R
942 _2udc
_cBK
999 _c55302
_d55302